Trichoderma communities of the winter wheat rhizosphere in the Pannonian Plain

A total of 116 Trichoderma strains were isolated from roots of winter wheat from test holes of five agricultural fields in the Pannonian Plain. The identity of the strains was examined based on the sequence analysis of the internal transcribed spacer (ITS) region by TrichOKEY 2.0. The examined wheat...

Teljes leírás

Elmentve itt :
Bibliográfiai részletek
Szerzők: Kredics László
Láday Miklós
Körmöczi Péter
Manczinger László
Rákhely Gábor
Vágvölgyi Csaba
Szekeres András
Testületi szerző: Traditions, innovation, sustainability (2011) (Hódmezővásárhely)
Dokumentumtípus: Cikk
Megjelent: Szegedi Tudományegyetem Mezőgazdasági Kar Szeged 2011
Sorozat:Agrár- és vidékfejlesztési szemle 6 No. 1
Kulcsszavak:Búzatermesztés, Őszi búza, Mikrobiológia
Tárgyszavak:
Online Access:http://acta.bibl.u-szeged.hu/76144
LEADER 02465nab a2200301 i 4500
001 acta76144
005 20220630140859.0
008 220630s2011 hu o 0|| eng d
022 |a 1788-5345 
040 |a SZTE Egyetemi Kiadványok Repozitórium  |b hun 
041 |a eng 
100 1 |a Kredics László 
245 1 0 |a Trichoderma communities of the winter wheat rhizosphere in the Pannonian Plain  |h [elektronikus dokumentum] /  |c  Kredics László 
260 |a Szegedi Tudományegyetem Mezőgazdasági Kar  |b Szeged  |c 2011 
300 |a 413-418 
490 0 |a Agrár- és vidékfejlesztési szemle  |v 6 No. 1 
520 3 |a A total of 116 Trichoderma strains were isolated from roots of winter wheat from test holes of five agricultural fields in the Pannonian Plain. The identity of the strains was examined based on the sequence analysis of the internal transcribed spacer (ITS) region by TrichOKEY 2.0. The examined wheat field rhizosphere samples could be characterized with a remarkable biodiversity. The 11 taxa detected in the samples were T. harzianum, T. pleuroticola, T. tomentosum/T. cerinum, T. virens, T. rossicum, T. spirale, T. brevicompactum, T. atroviride, T. gamsii, T. koningiopsis/T. ovalisporum and T. longibrachiatum/H. orientalis. The most frequently isolated species was T. harzianum with 41 isolates representing a series of known ITS genotypes as well as 2 genotypes that were firstly obtained during this study. Both T. virens (31 isolates) and T. atroviride (9 isolates) could be classified into 2 ITS-genotypes, one of them being identical with that of the ex-type strains in the cases of both species. Ten isolates proved to belong to 2 genotypes of T. rossicum, one of them has not been found so far. The remaining 7 species were isolated with a lower frequency. Several species could be characterized with well-defined isoenzyme patterns during celluloseacetate electrophoresis. 
650 4 |a Mezőgazdaság-tudományok 
650 4 |a Mezőgazdaság, erdészet, halászat 
695 |a Búzatermesztés, Őszi búza, Mikrobiológia 
700 0 1 |a Láday Miklós  |e aut 
700 0 1 |a Körmöczi Péter  |e aut 
700 0 1 |a Manczinger László  |e aut 
700 0 1 |a Rákhely Gábor  |e aut 
700 0 1 |a Vágvölgyi Csaba  |e aut 
700 0 1 |a Szekeres András  |e aut 
710 |a Traditions, innovation, sustainability (2011) (Hódmezővásárhely) 
856 4 0 |u http://acta.bibl.u-szeged.hu/76144/1/agrarszemle_2011_001_suppl_413-418.pdf  |z Dokumentum-elérés